| 000 | 00623nam a22001937a 4500 | ||
|---|---|---|---|
| 005 | 20250227151222.0 | ||
| 010 | _aENG-143934 | ||
| 020 | _c80.00 | ||
| 035 | _aEN-127466 | ||
| 037 | _bDBAD | ||
| 082 | _a351.16 | ||
| 100 |
_aBrinda And Muthuswamy _d2006 _qMuthuswamy And Brinda _978783 |
||
| 245 |
_aLeave Travel Concession Rules _henglish _cMuthuswamy And Brinda |
||
| 260 |
_aChennai _bSwamy Publishers (p) LTD. _c2007 |
||
| 270 |
_a Sri Bhuvaneswari Bhavanam''164,V.R.Pillai Street, Ice House _bChennai _e600005 |
||
| 300 |
_a85p. _c22 cm(pbk) |
||
| 700 | _976691 | ||
| 942 |
_2ddc _cEN _h351.16 _mMUT |
||
| 999 |
_c209786 _d209786 |
||